Normal view
MARC view
- بن تيميه،أحمد ، نصار،محمود محمد محمود/تحقيق
Entry Personal Name
001 - CONTROL NUMBER
- control field: 13552
003 - CONTROL NUMBER IDENTIFIER
- control field: JO-AjAnu
005 - DATE AND TIME OF LATEST TRANSACTION
- control field: 20230606072451.0
008 - FIXED-LENGTH DATA ELEMENTS
- fixed length control field: 230606|| aca||aabn | a|a d
040 ## - CATALOGING SOURCE
- Original cataloging agency: JO-AjAnu
- Transcribing agency: JO-AjAnu
100 ## - HEADING--PERSONAL NAME
- Personal name: بن تيميه،أحمد ، نصار،محمود محمد محمود/تحقيق
670 ## - SOURCE DATA FOUND
- Source citation: Work cat.: (JO-AjAnu)6972: بن تيميه،أحمد ، نصار،محمود محمد محمود/تحقيق, author, مقدمة في أصول التفسير